Statistiken für Alle Minderheiten Lettlands

Klicken Sie hier um das Quiz zu spielen!

Allgemein

  • Dieses Quiz wurde 25 mal gespielt
  • Das Durchschnittsergebnis liegt bei 15 aus 20

Antwortstatistiken

BevölkerungLand% Korrekt
611Estland
100%
2,790Litauen
100%
176Polen
100%
42,243Russland
100%
2,413Ukraine
100%
304Deutschland
94%
1,630Weißrussland
94%
128China
72%
86Schweden
72%
171USA
72%
96Dänemark
67%
82Italien
67%
169Kasachstan
67%
115Usbekistan
56%
151Vereinigtes Königreich
56%
118Aserbaidschan
50%
88Georgien
50%
134Moldawien
50%
188Armenien
44%
201Israel
39%

Verteilung der Resultate

Perzentil nach korrekt beantworteten Fragen

Anzahl Personen mit jedem Resultat

Ihre Resultats-Entwicklung

Sie haben dieses Quiz noch nicht gespielt